000 00371nam a22001457a 4500
999 _c8775
_d8775
003 OSt
008 200710b ||||| |||| 00| 0 eng d
082 _a612 PRP
100 _aPrasad, Mahesh
245 _aPractical book of Human Anatomy and Physiology
260 _aNew Delhi
_bNirrali
_c2019
300 _a15.2
650 _aHuman Anatomy and Physiology
942 _2ddc
_cBK